Statistics for Oceanian Flag to Country Click Quiz

Click here to take the quiz!

General Stats

  • This quiz has been taken 745 times
  • The average score is 12 of 14

Answer Stats

HintAnswer% Correct
Australia
93%
New Zealand
92%
Papua New Guinea
90%
Tonga
89%
Palau
88%
Fiji
86%
Federated States of Micronesia
85%
Kiribati
85%
Samoa
78%
Vanuatu
78%
Marshall Islands
75%
Nauru
75%
Solomon Islands
73%
Tuvalu
67%

Score Distribution

Percentile by Number Answered

Percent of People with Each Score

Your Score History

You have not taken this quiz